| 000 | 00844cab a2200277 4500 | ||
|---|---|---|---|
| 001 | ABS59333 | ||
| 008 | 090401t1998 xxu||||| |||| 00| 0 eng d | ||
| 035 | _a(Sirsi) u88621 | ||
| 041 | _aeng | ||
| 100 | _aMartin, J. | ||
| 245 | _aAnd justice for all? | ||
| 260 | _c1998 | ||
| 350 | _a0 | ||
| 490 |
_aEstates Gazette _v(9838) 19 September 1998, 150-151(2) |
||
| 520 | _aDiscusses the government`s proposals to charge appellants the cost of public inquiries as an attempt to discourage planning appeals and suggests that the changes should be resisted. | ||
| 650 | _aAPPELLANTS | ||
| 650 | _aCHARGES | ||
| 650 | _aCONSULTATION PAPER | ||
| 650 | _aPLANNING APPEALS | ||
| 650 | _aPROPOSALS | ||
| 650 | _aPUBLIC INQUIRIES | ||
| 690 | _aPLANNING LAW AND PRACTICE | ||
| 700 | _aEdwards, M. | ||
| 942 | _n0 | ||
| 948 | _c24/09/1998 | ||
| 999 |
_c56022 _d56022 |
||